Writing in the academic disciplines: a curricular history

Guardado en:
Detalles Bibliográficos
Autor principal: Russell, David R (Autor)
Formato: Libro
Lenguaje:inglés
Publicado: Carbondale Southern Illinois University 2002
Edición:2a. ed
Materias:
Etiquetas: Agregar Etiqueta
Sin Etiquetas, Sea el primero en etiquetar este registro!

MARC

LEADER 00000nam a2200000 a 4500
001 UCJ9386
003 CL-VaPUC
008 070316e20020000US |||||||||||||||||eng|d
020 |a 0809324679 
082 0 4 |a 808.042  |b RUS  |2 21 
100 0 |a Russell, David R  |e author  |9 519364 
245 1 0 |a Writing in the academic disciplines: a curricular history 
250 |a 2a. ed 
300 |a 410 p 
942 |c BK 
945 |d 20070316 00:00:00  |a cmena 
260 |a Carbondale  |b Southern Illinois University  |c 2002 
650 0 |a Lengua inglesa  |9 318842 
650 0 |a Retórica   |9 266620 
650 0 |a Educación lingüística  |9 306506 
650 0 |a Redacción científica  |9 470816 
583 |a last modification  |c 20070316 00:00:00  |k Rodrigo Vera 
999 |c 324916  |d 324914 
952 |0 0  |1 0  |4 0  |6 808_042000000000000_RUS_2002  |7 0  |8 A  |9 405306  |a FDOPOS  |b BIBEDU  |d 2019-11-22  |i 4325389  |l 1  |o 808.042 RUS 2002  |p 4325389  |r 2025-01-22  |s 2022-04-11  |w 2019-11-22  |y BK  |k MLA